| 000 | 01107namaa2200229 i 4500 | ||
|---|---|---|---|
| 001 | 174227 | ||
| 003 | ES-MaACL | ||
| 005 | 20250815105705.0 | ||
| 008 | 100304s1914 sp | |||| ||spa d | ||
| 080 | _a593.4(261 Cantábrico) | ||
| 100 | 1 |
_aFerrer Hernández, Francisco. _9142320 |
|
| 245 | 1 | 0 |
_aEsponjas del Cantábrico _b: parte segunda / _cpor Francisco Ferrer Hernández. |
| 260 |
_aMadrid : _bJunta para Ampliación de Estudios e Investigaciones Científicas : _bInstituto Nacional de Ciencias Físico-Naturales, _c1914 ( _fImp. de Fortanet) |
||
| 300 |
_a46 p. ; _c23 cm. |
||
| 490 | 1 |
_aTrabajos del Museo Nacional de Ciencias Naturales. Serie zoológica ; _v17 |
|
| 505 | 8 | _aContiene: Parte segunda: III. Myxospongida. IV Tetraxonida. V. Triaxonida | |
| 650 | 4 |
_aEsponjas- _zCantábrico. _9142321 |
|
| 710 | 2 |
_aJunta para la Ampliación de Estudios e Investigaciones Científicas. _95413 |
|
| 830 | 0 | 0 |
_aTrabajos del Museo Nacional de Ciencias Naturales. _pSerie zoológica _v17 _9189348 |
| 852 |
_aES-MaACL _jB-13148(4) _z.- Encuadernado con otras obras |
||
| 999 |
_c174227 _d174227 |
||